01329nam a2200301 a 450000100100000000500170001000800410002702000150006804000250008308200250010810000370013324500830017025000120025326000260026530000340029159000270032550000490035250400320040165000380043365000370047165000350050865000470054391000370059095201360062795201220076395201270088599900150101200000741520250701135406.0090908s2006 dr d 000 0 spa d z9993478229 aDO-SdBNPbspacBNPHU a658.404bM181f, 20061 aMadé Serrano, Nicolás91180110aFormulación, evaluación y gerencia de proyectos /cNicolas Madé Serrano. a2ª ed. aSanto Domingo,c2006. a345 p. :bgráfic. ;c23 cm. aInventariado, 2018/ YL aIncluye glosario de términos de proyectos. aBibliografía: p. 335-345. 4aElaboración de proyectos920595 4aEvaluación de proyectos920596 4aDesarrollo experimental920597 0aProyectos de desarrollo económico 96643 aValidado. Control de calidad EMS 001154708DSaGRbGRcMId2013-07-31iLF1l0o658.404 M181f, 2006p7415-30r2020-06-25te.3w2020-06-25yLFDSZPréstamo en sala 0010718PDaPDbPDcHDd2009-09-08iLF1l0o658.404 M181f, 2006p7415-10r2020-06-25w2020-06-25yLFPDZNo se presta 0010718PDaPDbPDcHDd2010-11-29iLF1l0o658.404 M181f, 2006p7415-20r2020-06-25te.2w2020-06-25yLFPDZNo se presta c7196d7196